Devinez la Capitale Mystère #103 - Statistiques

Statistiques générales
  • Ce quiz a été pris 137 fois
  • Le résultat moyen est 29 sur 34
Statistiques - réponses
Type de Réponse Réponse % Correct
Lettre Bien Placée A
100%
Lettre Trouvée A
100%
Lettre de l'Alphabet I
100%
Lettre Trouvée R
100%
Lettre de l'Alphabet N
97%
Lettre Trouvée S
97%
Lettre de l'Alphabet P
96%
Lettre de l'Alphabet E
94%
Lettre de l'Alphabet O
94%
Lettre de l'Alphabet L
93%
Lettre Bien Placée R
93%
Lettre de l'Alphabet D
92%
Lettre de l'Alphabet M
92%
Lettre de l'Alphabet T
92%
Lettre de l'Alphabet B
90%
Lettre de l'Alphabet K
87%
Lettre de l'Alphabet G
86%
Lettre de l'Alphabet U
86%
Lettre de l'Alphabet H
84%
Lettre Bien Placée A
82%
Lettre Trouvée C
81%
Lettre de l'Alphabet W
79%
Lettre Bien Placée S
78%
Lettre de l'Alphabet V
77%
Lettre Bien Placée A
76%
Lettre de l'Alphabet J
74%
Lettre Bien Placée C
73%
Lettre de l'Alphabet X
73%
Lettre de l'Alphabet Y
73%
Lettre de l'Alphabet Z
69%
Lettre Bien Placée C
67%
Lettre de l'Alphabet F
67%
Lettre de l'Alphabet Q
67%
Capitale Mystère Caracas
65%
Aucun quiz correspondant
Distribution des résultats
% des personnes avec chaque résultat
Percentile par nombre de réponses
Votre historique - résultats
Vous n’avez pas pris ce quiz